000 00374nam a2200133Ia 4500
008 211109s9999||||xx |||||||||||||| ||und||
082 _a494.812
_bGUN-M
100 _aGundert, Hermann
245 0 _aMalayalam Bhasavayakaranam
260 _bDC Books
_aKottayam
_c1991
630 _xGeneral Stack
650 _aAltaic, Uralic, Hyperborean & Dravidian
_xMalayalam
942 _cBOOK
999 _c22368
_d22368